000
00245pam a2200133 a 4500
020
_c
041
_h
100
_a
Scot Joral
245
_a
Waste Land Development
260
_c
1996
300
_a
72
653
_a
Environment
930
_a
925
999
_c
246778
_d
246778